| 000 -LEADER |
| fixed length control field |
00431cam a22001457a 4500 |
| 008 - FIXED-LENGTH DATA ELEMENTS--GENERAL INFORMATION |
| fixed length control field |
180718b1987 xxu||||| |||| 00| 0 eng d |
| 082 ## - DEWEY DECIMAL CLASSIFICATION NUMBER |
| Classification number |
Y42 K528 CRS |
| 100 ## - MAIN ENTRY--PERSONAL NAME |
| Personal name |
Khosla, P.K. |
| 245 ## - TITLE STATEMENT |
| Title |
Social forestry for rural development |
| Statement of responsibility, etc. |
by P.K. Khosla and R.K. Kohli |
| 260 ## - PUBLICATION, DISTRIBUTION, ETC. |
| Place of publication, distribution, etc. |
Solan |
| Name of publisher, distributor, etc. |
Indian Society of Tree Scientists |
| Date of publication, distribution, etc. |
1987 |
| 300 ## - PHYSICAL DESCRIPTION |
| Extent |
282p. |
| 650 ## - SUBJECT ADDED ENTRY--TOPICAL TERM |
| Topical term or geographic name entry element |
Rural Development |
| 650 ## - SUBJECT ADDED ENTRY--TOPICAL TERM |
| Topical term or geographic name entry element |
Forest Planning |
| 700 ## - ADDED ENTRY--PERSONAL NAME |
| Personal name |
Kohli, R.K. |